Fundamentals of Electrical Engineering and electronics (Record no. 3901)
[ view plain ]
| 000 -LEADER | |
|---|---|
| fixed length control field | 00392nam a2200145Ia 4500 |
| 008 - FIXED-LENGTH DATA ELEMENTS--GENERAL INFORMATION | |
| fixed length control field | 230711s9999||||xx |||||||||||||| ||und|| |
| 041 ## - LANGUAGE CODE | |
| Language code of text/sound track or separate title | ENG |
| 082 ## - DEWEY DECIMAL CLASSIFICATION NUMBER | |
| Classification number | 621 |
| Item number | SA-E |
| 100 ## - MAIN ENTRY--PERSONAL NAME | |
| Personal name | Sahdev,SK |
| 245 #0 - TITLE STATEMENT | |
| Title | Fundamentals of Electrical Engineering and electronics |
| 250 ## - EDITION STATEMENT | |
| Edition statement | 1st Ed. |
| 260 ## - PUBLICATION, DISTRIBUTION, ETC. | |
| Date of publication, distribution, etc. | 2002 |
| Place of publication, distribution, etc. | New delhi |
| Name of publisher, distributor, etc. | Dhanpat Rai & Co.(Pvt.)Ltd. |
| 650 ## - SUBJECT ADDED ENTRY--TOPICAL TERM | |
| Topical term or geographic name entry element | Electrical Engineering |
| 942 ## - ADDED ENTRY ELEMENTS (KOHA) | |
| Koha item type | Book |
| Withdrawn status | Lost status | Damaged status | Not for loan | Collection | Home library | Current library | Date acquired | Total checkouts | Full call number | Barcode | Date last seen | Price effective from | Koha item type | Date last checked out |
|---|---|---|---|---|---|---|---|---|---|---|---|---|---|---|
| MRSPTU Central Library | MRSPTU Central Library | 621 SA-E | 13294 | 08/17/2023 | 08/17/2023 | Book | ||||||||
| MRSPTU Central Library | MRSPTU Central Library | 621 SA-E | 13295 | 08/17/2023 | 08/17/2023 | Book | ||||||||
| MRSPTU Central Library | MRSPTU Central Library | 621 SA-E | 13296 | 08/17/2023 | 08/17/2023 | Book | ||||||||
| MRSPTU Central Library | MRSPTU Central Library | 621 SA-E | 13297 | 08/17/2023 | 08/17/2023 | Book | ||||||||
| MRSPTU Central Library | MRSPTU Central Library | 621 SA-E | 13298 | 08/17/2023 | 08/17/2023 | Book | ||||||||
| MRSPTU Central Library | MRSPTU Central Library | 621 SA-E | 13299 | 08/17/2023 | 08/17/2023 | Book | ||||||||
| MRSPTU Central Library | MRSPTU Central Library | 3 | 621 SA-E | 13300 | 09/29/2025 | 08/17/2023 | Book | 09/15/2025 | ||||||
| MRSPTU Central Library | MRSPTU Central Library | 621 SA-E | 13301 | 08/17/2023 | 08/17/2023 | Book | ||||||||
| MRSPTU Central Library | MRSPTU Central Library | 621 SA-E | 13302 | 08/17/2023 | 08/17/2023 | Book | ||||||||
| MRSPTU Central Library | MRSPTU Central Library | 621 SA-E | 13303 | 08/17/2023 | 08/17/2023 | Book |
